Pokémon - Les attaques de Ho-Oh - Statistiques

Statistiques générales
  • Ce quiz a été pris 55 fois
  • Le résultat moyen est 7 sur 15
Statistiques - réponses
Niveaux Types Noms des attaques % Correct
Niveau 54 Feu Feu Sacré
89%
Niveau 72 Feu Déflagration
86%
Départ Roche Pouvoir Antique
70%
Niveau 90 Vol Piqué
57%
Niveau 63 Feu Zénith
57%
Niveau 36 Psy Extrasenseur
54%
Niveau 99 Feu Flamme Ultime
49%
Départ Vol Tornade
49%
Niveau 45 Normal Soin
35%
Départ Normal Cyclone
32%
Niveau 81 Psy Prescience
24%
Niveau 18 Normal Rune Protect
24%
Niveau 27 Psy Plénitude
19%
Niveau 9 Eau Fontaine de Vie
16%
Départ Normal Ball'Météo
3%
Aucun quiz correspondant
Distribution des résultats
% des personnes avec chaque résultat
Percentile par nombre de réponses
Votre historique - résultats
Vous n’avez pas pris ce quiz